000 00680nam a22002297a 4500
001 216219433
003 UA-OsUOA
005 20201012114813.0
008 201012b un ||||| |||| 00| 0 ukr d
040 _aUA-OsUOA
_bukr
_cUA-OsUOA
_dUA-OsUOA
041 _aukr
080 _a657.1(075.8)
090 _a657.1(075.8)
_bК55
100 _aКобилянська О. І.
245 _aФінансовий облік
_bнавч. посіб.
250 _a2-ге,виправл. і доп.
260 _aКиїв
_bЗнання
_c2007
300 _a741 с.
650 _2UDC
942 _2udc
_cBK
999 _c362394
_d362394